Disney Princesses by Love Interest - Statistics

General Stats
  • This quiz has been taken 712 times
  • The average score is 13 of 17
Answer Stats
Love Interest Princess % Correct
Prince Adam/Beast Belle
99%
Aladdin Jasmine
98%
Kristoff Anna
93%
Prince Charming Cinderella
93%
Prince Eric Ariel
92%
Simba Nala
91%
John Smith Pocahontas
91%
Flynn Rider/Eugene Fitzherbet Rapunzel
91%
General Shang Mulan
90%
Prince Phillip Aurora
88%
Prince Naveen Tiana
86%
Tarzan Jane
82%
Prince Florian Snow White
75%
Hercules Megara
62%
Robin Hood Maid Marian
37%
Captain Phoebus Esmeralda
32%
Milo Thatch Kida
27%
No matching quizzes found
Score Distribution
Percent of People with Each Score
Percentile by Number Answered
Your Score History
You have not taken this quiz